000 00545 a2200181 4500
999 _c5757
_d5757
010 _aENG-87017
020 _a0070618169
_c425.00
035 _aEN-70550
037 _bDBAD / PUB
082 1 4 _a658.45
100 1 _aArgenti, Paul A.
245 1 _aStrategic corporate communication /
_cby Paul A. Argenti
260 _aNew Delhi
_bTata McGraw-Hill Publishing
_c2007
270 _a7, West Patel Nagar,
_bNew Delhi
_e110 008
300 _axv, 274 p
_c23 cm (Hb)
500 _aIncludes index
942 _adpl
_cEN
_2ddc
_h658.45
_mARG